Introducción a la Teoría de la Estadística

Bibliographic Details
Main Authors: Mood, Alexander M, Graybill, Franklin A.
Format: Section = Libro
Language:Undetermined
Spanish
Published: España Aguilar 1972
Edition:4a.ed.
Subjects:
LEADER 00579nam a2200217Ia 4500
008 241007s9999||||xx |||||||||||||| ||und||
040 |a BIBLIOTECA-RURC/ 519.54 M817 
041 |a spa 
082 |a 519.54 M817 
100 1 |a Mood, Alexander M 
100 1 |b Graybill, Franklin A. 
245 1 0 |a Introducción a la Teoría de la Estadística 
250 |a 4a.ed. 
260 |a España  |b Aguilar  |c 1972 
300 |a 531 p. :il. 
650 7 |a PROBABILIDAD 
650 7 |b  VARIABLES ALEATORIAS 
650 7 |c  METODOS NO PARAMÉTRICOS 
942 |c BK  |2 ddc 
991 |a TEXTO 
999 |c 14390